| 000 | 01577nam a2200325 a 4500 | ||
|---|---|---|---|
| 003 | BLK | ||
| 005 | 20250117132305.0 | ||
| 007 | ta | ||
| 008 | 221104b bu |||||r|||| 00| | bu d | ||
| 020 | _a9786197688306 | ||
| 040 | _aBLK | ||
| 041 |
_aBUL _cBUL |
||
| 080 |
_9227592 _aБългарска литература _b821.163.2 _x-992 _z821.163.2-992 |
||
| 084 | _aК 29 | ||
| 100 |
_9431119 _aКаравелов, Любен Стойчев _d1834-1879 _gПисател, публицист, фолклорист, революционер |
||
| 245 |
_aЗаписки за България и българите _cЛюбен Каравелов ; увод Боян Пенев |
||
| 250 | _a2. изд. | ||
| 260 |
_9220482 _aСофия _bБИ 93 _c2024 |
||
| 300 |
_a208 с. _bс ил. _c21 см |
||
| 380 | _aX | ||
| 500 | _aПълната форма на името на авт. на доп. материал Боян Пенев е Боян Пенев Николов 1. изд. 1940 на изд. Игнатов, в Библиотека за всички ; № 125 Любен Каравелов - енциклопедистът на Възраждането / Теодор Борисов: с. 7-10 | ||
| 700 |
_9396852 _aПенев, Боян _qНиколов, Боян Пенев |
||
| 700 |
_9402205 _aБорисов, Теодор Иванов |
||
| 852 |
_aЦб 324195 _bЦб |
||
| 852 |
_bП _c821.163.2-9/К 29 Л |
||
| 856 |
_i0.00 _ldisable |
||
| 942 |
_cKNG _n0 |
||
| 944 |
_cКети Илиева _k30570 _lМоника Янева |
||
| 944 |
_aED _c2025-01-17 _kМ.Я. |
||
| 999 |
_c516796 _d516796 |
||